008590000a22002170004500090001400000245011000014650002500124650003100149650003500180650004600215653001700261041001300278700002600291700002400317700003000341100003200371942001300403773005000416999001700466952015800483 aARb0284710aReserve desing for territorial species: the effects of patch size and spacing on the northern spotted owl14aAreas protegidas97814aEspecies en peligro99327614aModelación ecológica9362114aEvaluación de áreas protegidas996286 vbuho moteado0 aInglés1 aNoon, Barry R.9962871 aVoss, Curtis9962881 aMckelvey, Kevin S.9962891 aLamberson, Roland H.996290 cARTICULO1 tConservation Biology324h1q185-195d1994g8 c11907d11907 001040718HEMEROTECAaBogotabBogotad2015-02-27hFuera de circulaciónl0oAR 02847p013256r2015-03-25 00:00:00t1w2015-03-25xDonaciónyARTICULO